Re-herdar a terra (Registo nº 199878)

Detalhes MARC
000 -Etiqueta do registo
Valores 00633nam 22002053 4500
010 ## - Número ISBN
ISBN 972-780-093-9
021 ## - Número do Depósito Legal
Código do país Portugal
Número 182077/02
100 ## - Dados gerais de processamento
Dados gerais 20260113d u||y0pory50 ba
200 ## - Titulo e menção de responsabilidade
Título próprio Re-herdar a terra
Informação de outro título despertar para soluções sustentáveis e verdades maiores
Primeira menção de responsabilidade Brian O'Leary
Outras menções de responsabilidade tradução Nuno Fernandes
205 ## - Menção da edição
Edição
210 ## - Publicação
Local de publicação Lisboa
Nome do editor Âncora editora
Data de publicação 2002
215 ## - Descrição física 
Paginação / Volumes 276, [3] p.
Outras indicações físicas brochado
Dimensões 53 cm
606 ## - Nome comum usado como assunto
ID Autoridade 8728
Palavra de ordem Ciências Puras- Física
675 ## - CDU
Notação 53
Edição PT
Língua por
700 ## - Autor principal (pessoa individual)
ID Autoridade 15703
Apelido O´Leary
Nome Brian
Datas 1940-2011
801 ## - Fonte de origem
País PT
Agência BMMN
Regras de catalogação RPC
830 ## - Notas gerais do catalogador
Criado por Ana
Indexado por Ana
990 ## - Elementos KOHA
Tipo de documento Livro
Exemplares
Situação do levantamento Biblioteca de origem Código de barras Cota Permissão de empréstimo Tipo de documento Forma de aquisição
  Biblioteca Municipal de Montemor-o-Novo 28916 53 O`LE|DEP   Livro Compra

Powered by Koha